| 000 | 00576nam a22002057i 4500 | ||
|---|---|---|---|
| 001 | 3554 | ||
| 003 | OSt | ||
| 005 | 20170126082320.0 | ||
| 007 | tu | ||
| 008 | 161220s1996 xxu||||| |||| 00| 0 d | ||
| 024 | 7 |
_a3553 _2RID |
|
| 040 | _cOSt | ||
| 084 |
_a13.4 _2z |
||
| 100 | 1 | _aStrack, Dieter | |
| 245 | 0 | 0 | _aMeasuring Capacity of National Economies. Using Purchasing Power Parities (Mit dtsch. Zusammenfassung) |
| 260 |
_aMünchen : _bIFO Institut für Wirtschaftsforschung, _c1996. |
||
| 300 |
_a140 S. ; _c30cm. |
||
| 700 | 1 | _aHelmschrott, Helmut | |
| 700 | 1 | _aSchönherr, Siegfried | |
| 942 | _cB | ||
| 999 |
_c3501 _d3501 |
||